000 02278nam a2200397I 4500
001 ovld002108144
003 UtOrBLW
005 20210303085005.0
006 m o d
007 cr un|||||||||
008 170608s2017 enk ob 001 0 eng d
020 _a9781787144095 (e-book)
040 _aUtOrBLW
043 _aa-cc---
050 4 _aHF1604
_b.L6 2017
072 7 _aKCLF
_2bicssc
072 7 _aBUS069020
_2bisacsh
080 _a339.9
082 0 4 _a337.51
_223
100 1 _aLo, Chi,
_d1960-,
_eauthor.
245 1 0 _aDemystifying China's mega trends :
_bthe driving forces that will shake up China and the world /
_cChi Lo.
264 1 _bEmerald Publishing Limited,
300 _a1 online resource (222 pages)
504 _aIncludes bibliographical references and index.
520 _aThe biggest causes of dissatisfaction in the current analysis of China's mega trends is the lack of serious economic research effort. This has resulted in confusion and misunderstanding about the development and direction of mega trends and blind acceptance of these trends. This all leads to potentially erroneous business and policy decisions and reactions to the emergence of China. This new book examines the structural forces behind mega trends in China, refuting conventional wisdom and demystifying media and market hype. It aims to bridge the gap between the East and the West, and academic and market studies of China by examining China's macroeconomic mega trends through the lens of rigorous economic research and evidence and taking a critical approach to question and assess the evolution of these mega trends. Coverage of China's mega trends in this book is not meant to be exhaustive, as new trends will emerge over time and the existing trends will keep on evolving.
588 0 _aPrint version record
651 0 _aChina
_xForeign economic relations.
650 7 _aBusiness & Economics
_xInternational
_xEconomics.
_2bisacsh
650 7 _aInternational finance.
_2bicssc
776 _z9781787144101
856 4 0 _uhttps://www.emerald.com/insight/publication/doi/10.1108/9781787144095
999 _c30371
_d30371